| 000 | 00856nam a2200253 a 4500 | ||
|---|---|---|---|
| 008 | |||
| 020 | _a0750607661 (pbk.) | ||
| 049 | _aMAIN | ||
| 090 | _aQC100.5 | ||
| 245 | 1 | 0 |
_aJones' instrument technology. _nVolume, _pMeasurement of temperature and chemical composition / _c edited by B. E. Noltingk. |
| 250 | _a4th ed. | ||
| 260 |
_aOxford : _bButterworth-Heinemann, _c1992. |
||
| 300 |
_a186 p. : _bill. ; _c25 cm. |
||
| 504 | _aIncludes bibliographical references. | ||
| 500 | _aIncludes index. | ||
| 650 | 0 | _aMeasuring equipment. | |
| 700 | 1 | _aNoltingk, B. E. | |
| 740 |
_aMeasurement of temperature and chemical composition : _bJones' instrument technology, 2. |
||
| 907 |
_a.b1004310x _b13-10-05 _c17-04-03 |
||
| 003 | |||
| 005 | 20230123133211.0 | ||
| 040 | _cNUST | ||
| 942 |
_cBOOKS _kQC100.5 |
||
| 999 |
_c144480 _d144480 |
||